000 00732cam a2200253 4500500
005 20260329004930.0
041 _afre
042 _adc
100 1 0 _ade Oliveira, Victorine
_eauthor
245 0 0 _aElsa Godart : “Pour Pascal, la vérité ne peut passer que par le cœur”
260 _c2021.
500 _a8
690 _aBlaise Pascal
690 _aCœur
690 _aElsa Godart
690 _aFoi
690 _aPari
690 _aPascal
690 _aRaison
690 _aSincérité
690 _aVérité
786 0 _nPhilosophie magazine | 152 | 9 | 2021-09-01 | p. 57-58 | 1951-1787
856 4 1 _uhttps://shs.cairn.info/magazine-philosophie-magazine-2021-9-page-57?lang=fr&redirect-ssocas=7080
999 _c1838670
_d1838670